000 00554nas a2200229 a 4500
999 _c2602
_d2602
006 awr|p|r|||| 00| 01
007 ta
008 200626c19979999ii wr|p| |||| 00| a1eng d
040 _aKO
_beng
041 0 _aeng
044 _aii
082 0 4 _223
_a052
_bC73848
245 1 0 _aCompetition Winner
260 _aKottayam :
_bMalayala Manorama ,
_c1997--
300 _a-v :
_bcol. ill. ;
_c26 cm.
310 _aWeekly
_b(1997)-
362 _aVol. 1, no. 1 (1997)-
650 0 _aCompetition
_vPeriodicals
904 _aReshma_R
942 _cPE